00563nam a2200181 a 45000010010000000030011000100080041000210350026000620820014000881000025001022450037001272600062001646500018002269420012002449520090002569980020003469990015003660000-9393ELIB.Books110520 1946  a(ELIB.Books)0000-9545 a225 bCar aCarver, William Owen aWhy they wrote the New Testament bNashville: The Sunday School Board of the S. B. C. c1946 aNew Testament 2ddccBK 00102ddc4070aKBTSbKBTSd2011-05-20l0p2051r2022-01-22 00:00:00w2022-01-22yBK cbate2011-05-20 c9393d9393